000 00374nab a2200133Ia 4500
003 ES-SlBCS
005 20210601131730.0
008 140529s1950 xxu||||| |||| 00| 0 fre d
041 _afre
100 1 _aBradart, Yves
_9188401
245 0 0 _aAutour de la question royale
_c Yves Bradart
773 0 _tVie Intelectuelle (La)
_gnº. 4, 1950, págs. 478-479
_wRev907
942 _cAR
999 _c567832
_d567832